Tribhuvan University Central Library

Promoting mathematics learning in culturally diverse classroom (Record no. 103134)

MARC details
000 -LEADER
fixed length control field 00439nam a22001457a 4500
008 - FIXED-LENGTH DATA ELEMENTS--GENERAL INFORMATION
fixed length control field 220127b |||||||| |||| 00| 0 eng d
082 ## - DEWEY DECIMAL CLASSIFICATION NUMBER
Classification number CD18923
100 ## - MAIN ENTRY--PERSONAL NAME
Personal name Niroula, Netra Mani
245 ## - TITLE STATEMENT
Title Promoting mathematics learning in culturally diverse classroom
260 ## - PUBLICATION, DISTRIBUTION, ETC. (IMPRINT)
Place of publication, distribution, etc Kathmandu:
Date of publication, distribution, etc 2021
502 ## - DISSERTATION NOTE
Dissertation note Dissertation (Degree in Mathematic education), TU
650 ## - SUBJECT ADDED ENTRY--TOPICAL TERM
Topical term or geographic name as entry element Mathematics
650 ## - SUBJECT ADDED ENTRY--TOPICAL TERM
Topical term or geographic name as entry element Mathematics education
942 ## - ADDED ENTRY ELEMENTS (KOHA)
Source of classification or shelving scheme Dewey Decimal Classification
Koha item type Audio Visual Materials
Holdings
Withdrawn status Lost status Source of classification or shelving scheme Damaged status Not for loan Home library Current library Date acquired Total Checkouts Full call number Barcode Date last seen Price effective from Koha item type
    Dewey Decimal Classification     Tribhuvan University Central Library Tribhuvan University Central Library 01/27/2022   CD18923 A18873 01/27/2022 01/27/2022 Audio Visual Materials